Estudio del transporte urbano colectivo de la ciudad de León

Este trabajo trata de la implementación de un sistema de transporte urbano colectivo de la ciudad de León. En base a cambios puntuales sobre las rutas, respondiendo también a la demanda actual y perspectivas de desarrollo a corto plazo. Dentro de los aspectos que se abordan en este trabajo está,...

Full description

Bibliographic Details
Main Authors: Reyes Cerros, William Epifanio, Reyes Molina, Sergio Martín
Other Authors: Tutor: López Peña, Orlando Anastasio
Format: Tesis Section = Libro
Language:Undetermined
Spanish
Published: Managua UNI 1995
Subjects:
LEADER 01396nam a2200229Ia 4500
008 240830s9999 xx 000 0 und d
040 |a BIBLIOTECA-RUPAP Mon 388.4 R457 
041 |a spa 
082 |a Mon 388.4 R457 
100 1 |a Reyes Cerros, William Epifanio 
100 1 |b Reyes Molina, Sergio Martín 
245 1 0 |a Estudio del transporte urbano colectivo de la ciudad de León 
260 |a Managua  |b UNI  |c 1995 
300 |a 108 p. :il. 
500 |a Contiene: planos y tablas. 
502 |a Tesis (Ingeniero Civil)- UNI, 1995. 
520 3 |a Este trabajo trata de la implementación de un sistema de transporte urbano colectivo de la ciudad de León. En base a cambios puntuales sobre las rutas, respondiendo también a la demanda actual y perspectivas de desarrollo a corto plazo. Dentro de los aspectos que se abordan en este trabajo está, problemas reales del transporte colectivo urbano, situación real del parque vehicular, la capacidad estática, la capacidad dinámica, la correspondencia de las unidades conforme a la demanda en las diferentes rutas, así como el cumplimiento de las mismas con los parámetros establecidos por el Ministerio de Construcción y Transporte (MCT), hoy Ministerio de Construcción e Infraestructura (M.T.I). 
650 7 |a TRANSPORTE.  
700 1 |a Tutor:  |b López Peña, Orlando Anastasio 
942 |c BK  |2 ddc 
991 |a TESIS 
999 |c 15620